[Event "Cesenatico Open 2019"]
[Site "Cesenatico"]
[Date "2019.09.05"]
[Round "5"]
[White "Djuric, Stefan"]
[Black "Lalic, Bogdan"]
[Result "1/2-1/2"]
[WhiteElo "2358"]
[BlackElo "2418"]
[Annotator "TA"]
[PlyCount "39"]
[EventDate "2019.09.01"]
[EventType "swiss"]
[EventCountry "ITA"]
[SourceTitle "playchess.com"]
[Source "ChessBase"]
[SourceQuality "1"]

{[%evp 20,21,3,4]} 1. d4 Nf6 2. c4 e6 3. Nc3 d5 4. Bg5 Be7 5. e3 O-O 6. Nf3 h6 7. Bh4 b6 8. Bd3 dxc4 9. Bxc4 Bb7 10. O-O Nbd7 11. Qe2 {Predecessor:} Ne4 $146 12. Bg3 Nxc3 13. bxc3 Nf6 14. Ba6 Bxa6 15. Qxa6 c5 16. Qb7 Qd7 17. Qxd7 Nxd7 18. a4 Nf6 19. Ne5 Rfc8 20. Rfc1 {0-1 (29) Navara,D (2734)-Harikrishna,P (2753) Huaian 2016} 1/2-1/2

[Event "Cesenatico Open 2019"]
[Site "Cesenatico"]
[Date "2019.09.05"]
[Round "5"]
[White "Schacher, Gerd"]
[Black "Dobboletta, Alex"]
[Result "1/2-1/2"]
[WhiteElo "2311"]
[BlackElo "2176"]
[Annotator "TA"]
[PlyCount "33"]
[EventDate "2019.09.01"]
[EventType "swiss"]
[EventCountry "ITA"]
[SourceTitle "playchess.com"]
[Source "ChessBase"]
[SourceQuality "1"]

{[%evp 11,33,6,-3,-18,-13,-13,0,-19,-20,-24,-24,-35,0,-29,-23,-37,-29,-18,-34,-37,-35,-70,0,-58]} 1. Nf3 c5 2. g3 Nc6 3. c4 g6 4. Bg2 Bg7 5. Nc3 e6 6. d3 Nge7 7. Bg5 {A37: Symmetrical English vs ...g6: 4 Bg2 Bg7 5 Nf3} (7. Bd2 b6 8. Qc1 h6 9. O-O Bb7 10. a3 d6 11. Rb1 Qd7 12. b4 Rd8 13. Nb5 Ba8 14. Rd1 g5 15. bxc5 bxc5 {½-½ (55) Bachmann,A (2642)-Bologan,V (2654) Philadelphia 2016}) 7... h6 8. Bd2 O-O 9. Rb1 d5 10. Qc1 Kh7 11. a3 a5 12. Na4 b6 13. O-O d4 14. Qc2 Bd7 {[#]} 15. Qb3 $146 ({Predecessor:} 15. e3 Ra6 16. e4 f5 17. exf5 Nxf5 {1-0 (41) Vakhidov,J (2525)-Lou,Y (2454) Al Ain 2015}) 15... Rb8 16. Qc2 Ra8 17. Qb3 {Accuracy: White = 47%, Black = 48%.} 1/2-1/2

[Event "Cesenatico Open 2019"]
[Site "Cesenatico"]
[Date "2019.09.05"]
[Round "5"]
[White "Loiacono, Antonio"]
[Black "Di Benedetto, Edoardo"]
[Result "1/2-1/2"]
[WhiteElo "2282"]
[BlackElo "2405"]
[Annotator "TA"]
[PlyCount "32"]
[EventDate "2019.09.01"]
[EventType "swiss"]
[EventCountry "ITA"]
[SourceTitle "playchess.com"]
[Source "ChessBase"]
[SourceQuality "1"]

{[%evp 12,32,9,4,0,0,8,0,1,-10,0,1,9,4,9,9,46,43,32,31,27,28,37]} 1. e4 e6 2. d4 d5 3. Nc3 Bb4 4. Nge2 dxe4 5. a3 Be7 6. Nxe4 Nf6 7. N2g3 Nxe4 {C15: French: 3 Nc3 Bb4: Unusual White 4th moves} (7... O-O 8. Be2 Nbd7 9. O-O b6 10. Bf3 Rb8 11. a4 a5 12. Re1 Bb7 13. c3 Re8 14. Qc2 Nxe4 15. Bxe4 Nf6 16. Bxb7 Rxb7 {0-1 (88) Libiszewski,F (2530)-Akobian,V (2647) chess.com INT 2018}) 8. Nxe4 O-O 9. Be2 f5 {The position is equal.} 10. Ng3 c5 11. dxc5 $1 Qxd1+ 12. Bxd1 Bxc5 13. c3 $146 ({Predecessor:} 13. Be3 Bxe3 14. fxe3 Nc6 15. Be2 Ne5 16. Rd1 {½-½ (37) Golizadeh,A (2500)-Mousavi,S (2238) Tabriz 2013}) 13... e5 14. b4 Be7 15. Bb3+ Kh8 16. f3 Nc6 1/2-1/2

[Event "Cesenatico Open 2019"]
[Site "Cesenatico"]
[Date "2019.09.05"]
[Round "5"]
[White "Medici, Simone"]
[Black "Cocconcelli, Lorenzo"]
[Result "1-0"]
[WhiteElo "2201"]
[BlackElo "2113"]
[Annotator "ChessBase"]
[PlyCount "195"]
[EventDate "2019.09.01"]
[EventType "swiss"]
[EventCountry "ITA"]
[SourceTitle "playchess.com"]
[Source "ChessBase"]
[SourceQuality "1"]
[TimeControl "40/6000:900"]

1. d4 {[%emt 0:01:00]} d5 {[%emt 0:00:00]} 2. c4 {[%emt 0:00:00]} c6 {[%emt 0:01:00]} 3. Nf3 {[%emt 0:00:00]} Nf6 {[%emt 0:00:00]} 4. Nbd2 {[%emt 0:00:00]} Bf5 {[%emt 0:02:00]} 5. Qb3 {[%emt 0:01:00]} Qb6 {[%emt 0:02:00]} 6. e3 e6 {[%emt 0:00:00]} 7. c5 {[%emt 0:02:00]} Qc7 {[%emt 0:05:00]} 8. Qc3 {[%emt 0:10:00]} Nbd7 {[%emt 0:04:00]} 9. b4 {[%emt 0:00:00]} Be7 {[%emt 0:02:00]} 10. Be2 {[%emt 0:00:00]} O-O {[%emt 0:01:00]} 11. O-O {[%emt 0:00:00]} b6 {[%emt 0:09:00]} 12. Bb2 {[%emt 0:00:00]} bxc5 {[%emt 0:06:00]} 13. bxc5 {[%emt 0:02:00]} a5 14. h3 {[%emt 0:04:00]} Rfe8 {[%emt 0:05:00]} 15. Rfc1 {[%emt 0:21:00]} h6 {[%emt 0:04:00]} 16. Bd3 {[%emt 0:00:00]} Bf8 {[%emt 0:02:00]} 17. Qc2 {[%emt 0:00:00]} Bxd3 {[%emt 0:03:00]} 18. Qxd3 {[%emt 0:00:00]} g6 19. Rab1 {[%emt 0:00:00]} Bg7 {[%emt 0:01:00]} 20. Ne5 {[%emt 0:00:00]} Nxe5 21. dxe5 {[%emt 0:00:00]} Nd7 {[%emt 0:06:00]} 22. f4 {[%emt 0:14:00]} Qa7 {[%emt 0:02:00]} 23. Bd4 {[%emt 0:00:00]} Bf8 {[%emt 0:00:00]} 24. Qc3 {[%emt 0:00:00]} Reb8 {[%emt 0:01:00]} 25. Rxb8 {[%emt 0:00:00]} Rxb8 {[%emt 0:00:00]} 26. Nb3 {[%emt 0:00:00]} Rb5 {[%emt 0:04:00]} 27. a4 {[%emt 0:00:00]} Rb4 {[%emt 0:01:00]} 28. Ra1 {[%emt 0:00:00]} Be7 {[%emt 0:00:00]} 29. Kh2 {[%emt 0:19:00]} h5 {[%emt 0:13:00]} 30. g4 {[%emt 0:00:00]} Qa6 {[%emt 0:02:00]} 31. Ra2 {[%emt 0:00:00]} hxg4 {[%emt 0:02:00]} 32. hxg4 {[%emt 0:00:00]} Qf1 {[%emt 0:00:00]} 33. Kg3 {[%emt 0:00:00]} Bd8 {[%emt 0:09:06]} 34. Ra1 {[%emt 0:15:14]} Qc4 {[%emt 0:02:08]} 35. Qxc4 {[%emt 0:00:00]} Rxc4 {[%emt 0:00:00]} 36. Ra2 {[%emt 0:00:00]} Bc7 {[%emt 0:01:56]} 37. g5 {[%emt 0:00:00]} Nb8 38. Nd2 {[%emt 0:00:00]} Rb4 {[%emt 0:00:00]} 39. Bc3 Rb7 {[%emt 0:02:12]} 40. Rb2 {[%emt 0:00:00]} Rxb2 {[%emt 0:00:00]} 41. Bxb2 {[%emt 0:00:00]} Na6 {[%emt 0:06:29]} 42. Nb3 Bd8 {[%emt 0:02:15]} 43. Kf3 {[%emt 0:00:00]} Kf8 {[%emt 0:01:16]} 44. Ke2 {[%emt 0:06:38]} Ke8 {[%emt 0:02:08]} 45. Kd3 {[%emt 0:00:35]} Nb4+ 46. Kc3 {[%emt 0:00:03]} Kd7 {[%emt 0:02:53]} 47. Ba3 Na6 {[%emt 0:00:00]} 48. Kd4 {[%emt 0:06:49]} Kc8 {[%emt 0:00:00]} 49. Bc1 {[%emt 0:01:15]} Kb7 {[%emt 0:01:16]} 50. Bd2 {[%emt 0:04:45]} Nb4 51. Bxb4 {[%emt 0:00:00]} axb4 {[%emt 0:00:00]} 52. Kd3 {[%emt 0:00:00]} Be7 {[%emt 0:00:00]} 53. Na5+ {[%emt 0:00:48]} Kc7 {[%emt 0:00:28]} 54. Kd4 {[%emt 0:00:00]} Bf8 {[%emt 0:00:00]} 55. Nb3 {[%emt 0:00:00]} Kb7 {[%emt 0:00:00]} 56. Kd3 {[%emt 0:00:00]} Be7 {[%emt 0:00:00]} 57. Kc2 {[%emt 0:00:07]} Bf8 {[%emt 0:00:00]} 58. e4 {[%emt 0:00:14]} Be7 {[%emt 0:00:00]} 59. Kd2 {[%emt 0:00:00]} Bf8 {[%emt 0:00:00]} 60. Ke3 {[%emt 0:00:00]} Be7 {[%emt 0:00:00]} 61. Kf3 {[%emt 0:00:00]} Kc7 {[%emt 0:00:00]} 62. Kg4 {[%emt 0:03:26]} Bxc5 {[%emt 0:03:47]} 63. Nxc5 {[%emt 0:00:00]} Kb6 {[%emt 0:00:00]} 64. Nb3 {[%emt 0:00:00]} dxe4 {[%emt 0:00:00]} 65. Kg3 {[%emt 0:00:00]} c5 {[%emt 0:00:00]} 66. a5+ {[%emt 0:00:00]} Kc6 {[%emt 0:00:00]} 67. a6 {[%emt 0:00:00]} c4 {[%emt 0:00:30]} 68. Na5+ {[%emt 0:00:04]} Kb6 {[%emt 0:00:00]} 69. Nxc4+ {[%emt 0:00:00]} Kxa6 {[%emt 0:00:00]} 70. Kf2 {[%emt 0:00:00]} Kb5 {[%emt 0:00:00]} 71. Nd2 {[%emt 0:00:13]} Ka4 {[%emt 0:00:00]} 72. Ke3 {[%emt 0:00:00]} Ka3 {[%emt 0:00:00]} 73. Kxe4 {[%emt 0:00:00]} Kb2 {[%emt 0:00:00]} 74. Kd3 {[%emt 0:00:07]} Kc1 {[%emt 0:00:00]} 75. Nb3+ {[%emt 0:00:00]} Kd1 {[%emt 0:00:00]} 76. Nd4 {[%emt 0:00:01]} Ke1 {[%emt 0:00:00]} 77. Ke3 {[%emt 0:00:08]} Kf1 {[%emt 0:00:03]} 78. f5 {[%emt 0:00:00]} exf5 {[%emt 0:00:00]} 79. Nxf5 {[%emt 0:00:00]} gxf5 {[%emt 0:00:00]} 80. g6 {[%emt 0:00:01]} f4+ {[%emt 0:00:01]} 81. Kd2 {[%emt 0:00:00]} fxg6 {[%emt 0:00:00]} 82. e6 {[%emt 0:00:00]} b3 {[%emt 0:00:00]} 83. e7 {[%emt 0:00:00]} b2 {[%emt 0:00:00]} 84. Kc2 {[%emt 0:00:00]} f3 {[%emt 0:00:00]} 85. e8=Q {[%emt 0:00:00]} b1=Q+ {[%emt 0:00:00]} 86. Kxb1 f2 {[%emt 0:00:00]} 87. Qxg6 {[%emt 0:00:00]} Ke1 {[%emt 0:00:00]} 88. Qe4+ {[%emt 0:00:00]} Kd2 {[%emt 0:00:00]} 89. Qf3 {[%emt 0:00:00]} Ke1 {[%emt 0:00:00]} 90. Qe3+ {[%emt 0:00:00]} Kd1 {[%emt 0:00:00]} 91. Qf3+ {[%emt 0:00:00]} Ke1 {[%emt 0:00:00]} 92. Qg3 {[%emt 0:00:00]} Ke2 {[%emt 0:00:00]} 93. Qg2 {[%emt 0:00:00]} Ke1 {[%emt 0:00:00]} 94. Kc1 {[%emt 0:00:00]} Ke2 {[%emt 0:00:00]} 95. Qe4+ {[%emt 0:00:00]} Kf1 {[%emt 0:00:00]} 96. Kd2 {[%emt 0:00:00]} Kg1 {[%emt 0:00:00]} 97. Qg4+ {[%emt 0:00:00]} Kf1 {[%emt 0:00:00]} 98. Ke3 {[%emt 0:00:00]} 1-0

[Event "Cesenatico Open 2019"]
[Site "Cesenatico"]
[Date "2019.09.05"]
[Round "5"]
[White "Schaefer, Michael"]
[Black "Friedrich, Norbert"]
[Result "1/2-1/2"]
[WhiteElo "2181"]
[BlackElo "2306"]
[Annotator "TA"]
[PlyCount "25"]
[EventDate "2019.09.01"]
[EventType "swiss"]
[EventCountry "ITA"]
[SourceTitle "playchess.com"]
[Source "ChessBase"]
[SourceQuality "1"]

{[%evp 24,25,43,0]} 1. Nf3 c5 2. e4 Nc6 3. d4 cxd4 4. Nxd4 Nf6 5. Nc3 e5 6. Ndb5 d6 7. Bg5 a6 8. Na3 b5 9. Nd5 Qa5+ $146 ({Predecessor:} 9... Be7 10. Bxf6 Bxf6 11. c3 Ne7 12. Nxf6+ gxf6 13. Bd3 d5 14. Qe2 Bb7 15. O-O-O Qb6 16. Nc2 O-O-O 17. exd5 Bxd5 18. Nb4 Be6 19. Qf3 a5 20. Qa8+ Kc7 21. Na6+ {1-0 (54) Dominguez Perez,L (2763)-Carlsen,M (2882) Saint Louis 2019}) 10. Bd2 Qd8 11. Bg5 Qa5+ 12. Bd2 Qd8 13. Bg5 1/2-1/2

[Event "Cesenatico Open 2019"]
[Site "Cesenatico"]
[Date "2019.09.05"]
[Round "5"]
[White "Carbone, Stefano"]
[Black "Stromboli, Carlo"]
[Result "1/2-1/2"]
[WhiteElo "2138"]
[BlackElo "2270"]
[Annotator "ChessBase"]
[PlyCount "36"]
[EventDate "2019.09.01"]
[EventType "swiss"]
[EventCountry "ITA"]
[SourceTitle "playchess.com"]
[Source "ChessBase"]
[SourceQuality "1"]
[TimeControl "40/6000:900"]

1. Nf3 {[%emt 0:00:00]} d5 {[%emt 0:14:00]} 2. g3 {[%emt 0:00:00]} Nc6 {[%emt 0:00:00]} 3. d4 {[%emt 0:00:00]} Bf5 {[%emt 0:04:00]} 4. Bg2 {[%emt 0:00:00]} Nb4 5. Na3 {[%emt 0:00:00]} e6 {[%emt 0:04:00]} 6. c3 {[%emt 0:00:00]} Nc6 {[%emt 0:00:00]} 7. Nc2 {[%emt 0:00:00]} Nf6 {[%emt 0:04:00]} 8. O-O {[%emt 0:27:00]} h6 {[%emt 0:01:00]} 9. Ne3 {[%emt 0:00:00]} Be4 {[%emt 0:05:00]} 10. b3 Bd6 {[%emt 0:15:00]} 11. Bb2 {[%emt 0:00:00]} O-O {[%emt 0:04:00]} 12. c4 {[%emt 0:03:00]} Re8 {[%emt 0:05:00]} 13. Rc1 {[%emt 0:01:00]} Bf8 {[%emt 0:00:00]} 14. Ne5 {[%emt 0:25:00]} Nxe5 {[%emt 0:26:34]} 15. dxe5 Bxg2 {[%emt 0:00:00]} 16. Kxg2 {[%emt 0:00:00]} Nd7 {[%emt 0:01:01]} 17. cxd5 {[%emt 0:00:00]} exd5 {[%emt 0:00:00]} 18. Qxd5 {[%emt 0:02:00]} c6 {[%emt 0:00:00]} 1/2-1/2

[Event "Cesenatico Open 2019"]
[Site "Cesenatico"]
[Date "2019.09.05"]
[Round "5"]
[White "Voltolini, Giuseppe"]
[Black "Mrdja, Milan"]
[Result "0-1"]
[WhiteElo "2115"]
[BlackElo "2279"]
[Annotator "ChessBase"]
[PlyCount "80"]
[EventDate "2019.09.01"]
[EventType "swiss"]
[EventCountry "ITA"]
[SourceTitle "playchess.com"]
[Source "ChessBase"]
[SourceQuality "1"]
[TimeControl "40/6000:900"]

1. d4 {[%emt 0:00:00]} c5 {[%emt 0:01:00]} 2. d5 {[%emt 0:00:00]} e5 {[%emt 0:00:00]} 3. e4 {[%emt 0:00:00]} d6 {[%emt 0:00:00]} 4. Bb5+ {[%emt 0:00:00]} Nd7 5. a4 {[%emt 0:00:00]} Ngf6 {[%emt 0:26:00]} 6. Nc3 Be7 {[%emt 0:00:00]} 7. Nf3 {[%emt 0:01:00]} O-O {[%emt 0:00:00]} 8. Be2 Ne8 {[%emt 0:00:00]} 9. O-O {[%emt 0:18:00]} g6 {[%emt 0:00:00]} 10. Bh6 {[%emt 0:00:00]} Ng7 {[%emt 0:00:00]} 11. Qd2 {[%emt 0:03:00]} Nf6 {[%emt 0:00:00]} 12. h3 {[%emt 0:05:00]} Kh8 {[%emt 0:00:00]} 13. Rad1 {[%emt 0:10:00]} Ng8 {[%emt 0:00:00]} 14. Bxg7+ {[%emt 0:01:00]} Kxg7 {[%emt 0:00:00]} 15. Nxe5 dxe5 {[%emt 0:00:00]} 16. d6 {[%emt 0:00:00]} Bg5 {[%emt 0:17:00]} 17. Qd5 {[%emt 0:00:00]} Qb6 {[%emt 0:14:00]} 18. Qxe5+ {[%emt 0:01:00]} Bf6 19. Qg3 {[%emt 0:00:00]} Be6 {[%emt 0:02:00]} 20. e5 Bd8 {[%emt 0:00:00]} 21. b3 {[%emt 0:15:00]} Nh6 {[%emt 0:00:00]} 22. Nd5 Qc6 {[%emt 0:03:00]} 23. Bb5 {[%emt 0:03:00]} Qc8 {[%emt 0:00:00]} 24. Qc3 {[%emt 0:04:00]} Nf5 {[%emt 0:02:00]} 25. d7 {[%emt 0:25:08]} Qb8 26. Rfe1 {[%emt 0:00:00]} a6 {[%emt 0:02:00]} 27. Bf1 {[%emt 0:00:00]} b6 {[%emt 0:00:00]} 28. g4 {[%emt 0:05:59]} Nd4 {[%emt 0:03:00]} 29. Bg2 {[%emt 0:00:00]} Ra7 {[%emt 0:00:00]} 30. Nf6 {[%emt 0:03:50]} a5 31. g5 {[%emt 0:01:24]} Kh8 {[%emt 0:00:00]} 32. Rxd4 cxd4 {[%emt 0:21:40]} 33. Qxd4 {[%emt 0:00:25]} Bxf6 34. exf6 {[%emt 0:00:59]} Rxd7 {[%emt 0:00:29]} 35. Qh4 Qd6 {[%emt 0:04:13]} 36. Qh6 {[%emt 0:00:00]} Rg8 {[%emt 0:02:12]} 37. Bf3 {[%emt 0:00:00]} Qf4 {[%emt 0:00:00]} 38. Kg2 {[%emt 0:00:00]} Rd5 {[%emt 0:00:00]} 39. Bxd5 {[%emt 0:00:00]} Bxd5+ {[%emt 0:00:00]} 40. Kf1 {[%emt 0:00:00]} Qf3 {[%emt 0:00:00]} 0-1

[Event "Cesenatico Open 2019"]
[Site "Cesenatico"]
[Date "2019.09.05"]
[Round "5"]
[White "Marzano, Carlo"]
[Black "Damia, Angelo"]
[Result "0-1"]
[WhiteElo "2109"]
[BlackElo "2240"]
[Annotator "ChessBase"]
[PlyCount "90"]
[EventDate "2019.09.01"]
[EventType "swiss"]
[EventCountry "ITA"]
[SourceTitle "playchess.com"]
[Source "ChessBase"]
[SourceQuality "1"]
[TimeControl "40/6000:900"]

1. d4 {[%emt 0:00:00]} Nf6 {[%emt 0:05:00]} 2. c4 {[%emt 0:00:00]} e6 {[%emt 0:00:00]} 3. Nf3 {[%emt 0:00:00]} d5 {[%emt 0:00:00]} 4. Nc3 {[%emt 0:00:00]} Be7 5. Bg5 {[%emt 0:00:00]} Nbd7 {[%emt 0:03:00]} 6. cxd5 {[%emt 0:12:00]} Nxd5 {[%emt 0:04:00]} 7. Bxe7 {[%emt 0:00:00]} Qxe7 {[%emt 0:00:00]} 8. e4 {[%emt 0:00:00]} Nxc3 {[%emt 0:00:00]} 9. bxc3 {[%emt 0:00:00]} e5 10. Bd3 {[%emt 0:00:00]} exd4 {[%emt 0:03:00]} 11. cxd4 {[%emt 0:00:00]} Qb4+ 12. Qd2 {[%emt 0:00:00]} Qxd2+ {[%emt 0:00:00]} 13. Nxd2 {[%emt 0:03:00]} c5 {[%emt 0:00:00]} 14. d5 {[%emt 0:14:00]} Ne5 {[%emt 0:00:00]} 15. Be2 {[%emt 0:05:00]} f5 {[%emt 0:05:00]} 16. f4 {[%emt 0:16:00]} Ng6 {[%emt 0:00:00]} 17. O-O {[%emt 0:08:00]} fxe4 {[%emt 0:00:00]} 18. Nxe4 {[%emt 0:01:00]} b6 19. a4 {[%emt 0:06:00]} O-O {[%emt 0:18:00]} 20. g3 Re8 {[%emt 0:00:00]} 21. Bf3 {[%emt 0:01:00]} Bg4 {[%emt 0:08:00]} 22. Bxg4 Rxe4 {[%emt 0:00:00]} 23. d6 {[%emt 0:04:00]} Rd8 {[%emt 0:02:00]} 24. d7 {[%emt 0:00:00]} Nf8 {[%emt 0:02:00]} 25. Rfe1 {[%emt 0:00:00]} Rxe1+ 26. Rxe1 {[%emt 0:00:00]} Kf7 {[%emt 0:00:00]} 27. Kf2 {[%emt 0:00:00]} Nxd7 {[%emt 0:00:00]} 28. Rd1 {[%emt 0:10:00]} Ke7 {[%emt 0:00:00]} 29. Re1+ {[%emt 0:00:00]} Kd6 {[%emt 0:06:00]} 30. Re6+ {[%emt 0:00:00]} Kd5 {[%emt 0:23:00]} 31. Re7 {[%emt 0:00:00]} Nf6 {[%emt 0:00:00]} 32. Bf3+ {[%emt 0:00:00]} Kd4 {[%emt 0:00:00]} 33. Rxg7 {[%emt 0:00:00]} Rd7 {[%emt 0:00:00]} 34. Rxd7+ Nxd7 {[%emt 0:00:00]} 35. g4 {[%emt 0:00:45]} c4 {[%emt 0:07:30]} 36. Bd1 {[%emt 0:05:45]} a6 {[%emt 0:00:00]} 37. Bc2 {[%emt 0:00:56]} b5 {[%emt 0:00:00]} 38. axb5 {[%emt 0:00:00]} axb5 {[%emt 0:00:00]} 39. Bxh7 {[%emt 0:09:29]} b4 {[%emt 0:00:00]} 40. g5 {[%emt 0:01:27]} b3 {[%emt 0:07:01]} 41. Ke2 {[%emt 0:10:09]} Kc3 {[%emt 0:06:48]} 42. Bg8 {[%emt 0:00:00]} Nc5 {[%emt 0:02:32]} 43. g6 {[%emt 0:05:45]} b2 {[%emt 0:11:25]} 44. Bxc4 {[%emt 0:00:00]} b1=Q {[%emt 0:00:00]} 45. g7 {[%emt 0:00:00]} Qe4+ {[%emt 0:00:00]} 0-1

[Event "Cesenatico Open 2019"]
[Site "Cesenatico"]
[Date "2019.09.05"]
[Round "5"]
[White "Kacani, Kirk"]
[Black "Di Trapani, Davide"]
[Result "0-1"]
[WhiteElo "2091"]
[BlackElo "2181"]
[Annotator "ChessBase"]
[PlyCount "78"]
[EventDate "2019.09.01"]
[EventType "swiss"]
[EventCountry "ITA"]
[SourceTitle "playchess.com"]
[Source "ChessBase"]
[SourceQuality "1"]
[TimeControl "40/6000:900"]

1. e4 {[%emt 0:00:00]} c5 {[%emt 0:00:00]} 2. Nf3 {[%emt 0:00:00]} d6 {[%emt 0:00:00]} 3. Bb5+ {[%emt 0:00:00]} Nd7 {[%emt 0:00:00]} 4. c3 {[%emt 0:00:00]} a6 5. Ba4 {[%emt 0:00:00]} Ngf6 6. Bc2 g6 7. a4 {[%emt 0:01:00]} Bg7 {[%emt 0:09:00]} 8. O-O {[%emt 0:08:00]} O-O {[%emt 0:00:00]} 9. d4 {[%emt 0:00:00]} Qc7 {[%emt 0:06:00]} 10. Re1 {[%emt 0:00:00]} e5 {[%emt 0:06:00]} 11. d5 {[%emt 0:03:00]} Rb8 {[%emt 0:04:00]} 12. a5 {[%emt 0:05:00]} b5 {[%emt 0:11:00]} 13. axb6 {[%emt 0:00:00]} Nxb6 14. b3 {[%emt 0:00:00]} Ne8 {[%emt 0:03:00]} 15. Nbd2 {[%emt 0:32:00]} Bh6 {[%emt 0:10:00]} 16. Nf1 {[%emt 0:19:00]} Bxc1 {[%emt 0:00:00]} 17. Qxc1 {[%emt 0:00:00]} f5 {[%emt 0:02:00]} 18. Ng5 {[%emt 0:23:35]} Ng7 {[%emt 0:47:55]} 19. Nd2 {[%emt 0:07:20]} Qe7 {[%emt 0:00:00]} 20. Ne6 {[%emt 0:00:00]} Nxe6 {[%emt 0:00:00]} 21. dxe6 {[%emt 0:00:00]} f4 {[%emt 0:00:00]} 22. Bd3 {[%emt 0:00:00]} Kh8 {[%emt 0:00:00]} 23. Bxa6 {[%emt 0:00:20]} Bxe6 {[%emt 0:00:00]} 24. Bf1 {[%emt 0:00:00]} g5 {[%emt 0:00:00]} 25. Ra3 {[%emt 0:00:00]} Rf6 {[%emt 0:00:00]} 26. Qa1 {[%emt 0:00:08]} Rh6 27. Ra7 {[%emt 0:00:00]} Qe8 {[%emt 0:00:00]} 28. Qd1 g4 {[%emt 0:00:00]} 29. Be2 {[%emt 0:00:00]} Qh5 {[%emt 0:00:00]} 30. Nf1 {[%emt 0:00:00]} Rg8 {[%emt 0:00:00]} 31. Qxd6 {[%emt 0:00:00]} Nc8 {[%emt 0:00:00]} 32. Qxc5 {[%emt 0:00:00]} Nxa7 {[%emt 0:00:00]} 33. Qxa7 {[%emt 0:00:00]} Bxb3 {[%emt 0:00:00]} 34. Bd1 {[%emt 0:00:00]} Bxd1 {[%emt 0:00:00]} 35. Rxd1 {[%emt 0:00:00]} g3 {[%emt 0:00:00]} 36. Rd5 {[%emt 0:00:00]} gxh2+ {[%emt 0:00:00]} 37. Kh1 {[%emt 0:00:00]} Qg4 {[%emt 0:00:00]} 38. Ng3 {[%emt 0:00:00]} fxg3 {[%emt 0:00:00]} 39. f3 {[%emt 0:00:00]} Qxf3 {[%emt 0:00:00]} 0-1

[Event "Cesenatico Open 2019"]
[Site "Cesenatico"]
[Date "2019.09.05"]
[Round "6"]
[White "Lalic, Bogdan"]
[Black "Medici, Simone"]
[Result "1/2-1/2"]
[WhiteElo "2418"]
[BlackElo "2201"]
[Annotator "TA"]
[PlyCount "106"]
[EventDate "2019.09.01"]
[EventType "swiss"]
[EventCountry "ITA"]
[SourceTitle "playchess.com"]
[Source "ChessBase"]
[SourceQuality "1"]

{[%evp 15,106,11,52,46,48,53,80,75,91,88,70,27,38,31,31,31,31,24,24,25,20,15,23,14,14,18,17,16,14,17,22,17,21,17,23,12,15,0,20,0,9,0,14,0,64,64,64,64,64,64,64,64,64,41,64,41,64,64,64,0,64,64,64,64,64,64,64,64,64,64,64,64,64,64,64,64,64,40,40,40,40,40,40,0,0,0,0,0,0,0,0,0,0]} 1. d4 d5 2. c4 dxc4 3. e3 Nf6 4. Bxc4 e6 5. Nf3 a6 6. O-O c5 7. Bd3 Nc6 8. Nc3 Be7 {[%cal Rc5d4]} 9. dxc5 {D27: Queen's Gambit Accepted: Classical main line: 7 e4!? and 7 a4} Bxc5 10. a3 Be7 (10... O-O 11. b4 Ba7 12. Bb2 e5 13. h3 h6 14. Rc1 Qe7 15. Ne4 Bf5 16. Nxf6+ Qxf6 17. b5 axb5 18. Bxb5 Rfd8 {½-½ (31) Lalith,B (2529)-Guliyev,N (2545) Paris 2018}) 11. b4 {White is better.} b5 12. Bb2 O-O 13. Rc1 Bb7 14. Ne4 (14. Qe2 {feels hotter.} Nb8 15. Nb1 Nbd7 16. Nbd2 Qb8 17. Nb3) 14... Nxe4 15. Bxe4 Qxd1 $146 ({Predecessor:} 15... Rc8 16. Nd4 Nxd4 17. Bxb7 Rxc1 18. Bxc1 Nf5 {½-½ (45) Baginskaite,C (2325)-Hoang,M Moscow 1994}) 16. Rfxd1 Rad8 17. Rxd8 Rxd8 18. Kf1 Rc8 19. Ne5 {[%cal Re4c6]} Nd8 $1 {[#] ...Rxc1+ is the strong threat.} 20. Rxc8 Bxc8 21. Nc6 Nxc6 22. Bxc6 $11 {[%mdl 4096] Endgame KBB-KBB} Bd6 23. f4 f6 24. Ke2 Kf7 25. Kd3 Ke7 26. h4 h6 27. h5 Kd8 28. Bf3 Kc7 29. g4 Bb7 (29... e5 $11) 30. Bxb7 $14 Kxb7 {KB-KB} 31. g5 Be7 32. g6 Kc6 33. e4 Kd7 34. Bc1 Bf8 35. Be3 Kc6 36. Kc3 Kd7 37. Kd3 Kc6 38. Bf2 Kd7 39. Kd4 Kc6 40. Bh4 Be7 41. Kc3 {[#] aiming for e5.} Bf8 42. Kd3 Kd7 43. f5 {Hoping for e5!} e5 $1 44. Kc3 Kc6 45. Kb3 Kd7 46. a4 Kc6 47. Bf2 Be7 48. Be3 Bf8 $1 49. axb5+ axb5 {The position is equal.} 50. Ba7 Kb7 51. Bc5 Bxc5 52. bxc5 Kc7 53. Kc3 Kb7 {Accuracy: White = 56%, Black = 74%.} (53... Kd7 $5) 1/2-1/2